34_広島県の市町村(ひらがな対応・五十音順) - Statistics

General Stats
  • This quiz has been taken 36 times
  • The average score is 22 of 23
Answer Stats
種類 市町村名 % Correct
安芸高田市
100%
東広島市
100%
広島市
100%
福山市
100%
大竹市
97%
尾道市
97%
呉市
97%
庄原市
97%
竹原市
97%
三原市
97%
安芸太田町
94%
江田島市
94%
北広島町
94%
廿日市市
94%
府中市
94%
府中町
94%
三次市
94%
大崎上島町
91%
坂町
88%
神石高原町
88%
熊野町
85%
世羅町
85%
海田町
82%
No matching quizzes found
Score Distribution
Percent of People with Each Score
Percentile by Number Answered
Your Score History
You have not taken this quiz